000 01003nam a22002655i 4500
001 155366
003 ES-MaACL
005 20230906210041.0
008 940301s1882 sp |||| | spa d
040 _aAS
_bspa
080 _a929.652(460)
080 _a929.731(460) : 737.22
100 1 _aHerrera, Adolfo.
_963179
245 1 0 _aMedallas de proclamaciones y juras de los reyes de España /
_cpor Adolfo Herrera.
260 _aMadrid :
_b[s.n.],
_c1882 (
_fImprenta de Manuel Ginés Hernández,
_g1884)
300 _a284, [2] p., 107 h. de lám. ;
_c33 cm.
500 _aIndice de inscripciones.
596 _aAño de impresión tomado del colofón.
597 _aPort. con esc. xil.
599 _aIlustraciones "E. Buxó grabó"
650 4 _aMedallas-
_zEspaña.
_9141425
651 4 _aEspaña-
_xReyes y soberanos-
_xMedallas.
_9140094
700 1 _aBuxó Bes, Esteban.
_9126250
852 _aES-MaACL
_jZ-47
_z-- Enc. hol.
_xOlim: B-2153
_xOlim: 153-C-11y12
999 _c155366
_d155366